| 000 | 00591nam a2200217 4500 | ||
|---|---|---|---|
| 005 | 20251006100458.0 | ||
| 020 |
_a9788189915971 _cTZS.31,469 /= |
||
| 040 |
_aMCCL _beng. _eAACR 2nd rev.ed. |
||
| 082 | _a343.071 JAI | ||
| 100 | _aJain, N.K | ||
| 245 |
_aConsumer protection : _c/ N.K.Jain _blaw and practice |
||
| 260 |
_aNew Delhi: _bRegal Publications .; _cc 2008. |
||
| 300 |
_ax,296 p. : _c22 cm. |
||
| 504 | _aInglude index. | ||
| 546 | _aeng. | ||
| 650 | _aConsumer protection | ||
| 650 | _aPublic rights | ||
| 650 | _aDeligation of powers | ||
| 700 | _aJain, N.K | ||
| 942 | _cBK | ||
| 999 |
_c12014 _d12014 |
||